| 000 | 00488nam a2200145 a 4500 | ||
|---|---|---|---|
| 001 | 000031514 | ||
| 005 | 20200930063001.0 | ||
| 008 | 110627s1957 dr g 000 0 spa d | ||
| 040 |
_aDO-SdBNP _bspa _cBNPHU |
||
| 245 | 0 | 0 |
_aFolklore de la República Dominicana / _ccompilador Juan Urteaga,. |
| 260 |
_aSanto Domingo : _bTalleres de Encuadernación del Benefactor, _c1957. |
||
| 300 |
_a1v. con varias paginaciones : _bil., mús. ; _c33 cm. |
||
| 700 | 1 |
_aUrteaga, Juan _957891 |
|
| 049 | _aBNPD | ||
| 999 |
_c31006 _d31006 |
||